Smith's law of theft (Record no. 391339)

MARC details
000 -LEADER
fixed length control field 00645nam a2200229Ia 4500
008 - FIXED-LENGTH DATA ELEMENTS--GENERAL INFORMATION
fixed length control field 191130s2007##################000#0#eng##
020 ## - INTERNATIONAL STANDARD BOOK NUMBER
ISBN 9780199299898
082 ## - DEWEY DECIMAL CLASSIFICATION NUMBER
Classification number 345.420262 ORM
100 ## - MAIN ENTRY--AUTHOR NAME
Personal name Smith, J. C
245 ## - TITLE STATEMENT
Title Smith's law of theft
Statement of responsibility, etc David Ormerod
250 ## - EDITION STATEMENT
Edition statement 9th ed
260 ## - PUBLICATION, DISTRIBUTION, ETC. (IMPRINT)
Place of publication Oxford
Name of publisher Oxford University Press
Year of publication 2007
300 ## - PHYSICAL DESCRIPTION
Number of Pages lvii, 497 p. ; 25 cm
500 ## - GENERAL NOTE
General note Includes bibliographical references and index
650 ## - SUBJECT ADDED ENTRY--TOPICAL TERM
Topical Term Larceny - Great Britain
700 ## - ADDED ENTRY--PERSONAL NAME
Personal name Ormerod, David
991 ## -
-- 418868

No items available.

Find us on the map